000 00336nam a2200133Ia 4500
008 231129s1980||||xx |||||||||||||| ||spa||
040 _bspa
082 _a616.8914 B433p
100 _aBellak Leopold
245 0 _aPsicoterapia breve y de emergencia
260 _c1980
264 _aMéxico : Editorial Pax-México
942 _2ddc
_cBKS
999 _c23527
_d23527